000 01057nam a22002657a 4500
005 20240530110509.0
008 151026s2010 ua g b 000 0 ara d
017 _a2010/14752
_bمصر . دار الكتب المصرية
040 _aEG-CaGPL
082 0 4 _221
_a922.1\
_bع ع
100 0 _aعبدالقادر ياسين
245 1 0 _aعزالدين القاسم :
_bالقائد الوطنى المبدع /
_cتحرير عبدالقادر ياسين ، نادر سلسلى ، على حسين خلف ، خالد سعيد
250 _aط1
260 _aالقاهرة :
_bمكتبة جزيرة الورد ،
_c2010 .
300 _a240 ص ؛
_c24 سم .
504 _aيشتمل على ارجاعات ببليوجرافية
600 0 4 _aعز الدين القاسم
650 0 4 _aالرجال
_vتراجم
650 0 4 _aالسياسيون
700 0 _aنادر سلسلى
_eمحرر
700 0 _aعلى حسين خلف
_eمحرر
700 0 _aخالد سعيد
_eمحرر
942 _2ddc
_cBK
999 _c61629
_d61629